Quizzes
Events
Quiz Creation
Community
Videos
Private Events
Remove Ads
Sign In
Join for FREE
Feedback
Dark Mode
Quiz Categories
Sports
Geography
Music
Movies
Television
Just For Fun
Miscellaneous
History
Literature
Language
Science
Gaming
Entertainment
Religion
Holiday
For Kids
Quiz Lab
Recent
Popular Today
Quiz Kudos Today
Editor Picks
Curator Picks
Quizzes by...
Day
Popularity
Type
Ratings
Length
Year
Community
Subscriptions
Recent Discussions
Orange Saloon
Badges
Playlists
Quests
Create
Leaderboards
Showdown
Live 5
Trivia Bingo
Activity
Puzzle Library
Sporcle Events
Private Events
Virtual Trivia
Globe League
Become a Host
Pub Owners
SporcleCon
Opinionation
Our Games
Videos
Blog
Mobile Apps
Partnerships
Remove Ads and Go Orange
Feedback
Television
TV Characters
TV Show
Sitcom
Network
Friends
Reality Shows
Cast
South Park
Star Trek
The Simpsons
Doctor Who
Television
TV Characters
TV Show
Sitcom
Network
Friends
Reality Shows
Cast
South Park
Star Trek
The Simpsons
Doctor Who
Random Quiz
Search Sporcle
×
Quiz Lab
Quiz Lab
Television
Quote
Type in answers that appear in a list
Type in answers that appear in a list
Classic
Best Score? Go Orange.
'Friends' Quotes Stats
Can you name the 'Friends' quotes?
By
dancinginthedark
7m
16 Questions
4,176 Plays
4,176 Plays
4,176 Plays
Comments
Comments
Give Quiz Kudos
Give Quiz Kudos
-
- Ratings
hide this ad
Forced Order
Answers have to be entered in order
Answers have to be entered in order
Replay
Link that replays current quiz
Next Quiz
Link to next quiz in quiz playlist
You Got
0%
They Got
Avg Score
89%
Avg Friend Score
Upgrade to see
Score Distribution
Jump to the score distribution portion of the page
Score
0/16
Timer
07:00
1
Play Today
quotes
Character
% Correct
oh...my...god!!
Janice
97.9%
Guys can fake it? Unbelievable! The one thing that's ours!
Monica
96.9%
You can't have s-
e-
x in front of a b-
a-
b-
i-
e
Joey
96%
Aaaaaand... Hernia.
Chandler
95.1%
You know, we should probably ask the doctor if she even knows how to deliver a baby that's half human, half *pure evil*!
Ross '
94.9%
I understand you. I mean, this one time, I went out with this girl, she had the biggest Adam's apple!
Joey
93.4%
Ok, Joey, we'll do it one more time. Don't forget the rules -
heads I win, tails you lose.
Rachel
91.9%
I can't believe my dad saw us having sex. He didn't make it to one of my piano recitals, but this he sees.
Monica
91.6%
quotes
Character
% Correct
How do you expect me to grow if you won't let me blow?
Rachel
88.5%
Did you see the kid on that nose?
Ross
88.3%
My mom used to stick her head in the oven. Actually she only did it the once, but it was pretty weird.
Phoebe
88.2%
! Because women never like Joey. You know, I hear he's a virgin?
Ross
84.8%
We loved Schteve. Schteve was schexy.
Chandler
83.4%
Soap Opera Digest. That's one of my favorite digests.
Phoebe
83.1%
Observe the art of seduction. Watch, learn, and don't eat my cookie.
Phoebe
79.9%
They're different from my other friends, they don't start sentences with 'you know who just died shoveling snow?'
Richard
70.2%
Quiz Playlist
Details
Report
Send in Message
Add To Playlist
Classic:
Type in answers that appear in a list
Forced Order:
Answers have to be entered in order
Last Updated: Feb 16, 2017
Quiz Scoreboard
CHALLENGE
Sign Up to Join the Scoreboard
Show All
Scores
Hide
Comments
May contain spoilers
Recently Published
9x9 Crossword: Cartoon Network
by jackfrog10
Miscellaneous
3m
College Basketball Coaching Resumes
by pancakes188
Sports
9m
Billboard Blitz: Fleetwood Mac
by CooCooCachoo
Music
15s
More to Explore
Quiz From the Vault
Featured Blog Post
Where Did the Easter Bunny Come From?
hide this ad
You Might Also Like...
Tags
Friends Quiz
Quote Quiz
Character
Today's Top Quizzes in Television
Browse Television
hide this ad
Today's Top Quizzes in Quote
Browse Quote
Top Contributed Quizzes in Television
1
5-to-1: The Simpsons Families
2
5-to-1: Television Doctors
3
7-to-1: TV Show Settings
4
5-to-1: Streaming Originals
5
Adjectives in 00s TV Shows
6
One Piece Logic Puzzle
7
Survivor Seasons
8
Adjectives in 80s TV Shows
9
All US Survivor Seasons in Order
10
Adjectives in 10s TV Shows
Explore More
Trending Topics
Disney
Marvel
Crossword
Kpop
NBA
Harry Potter
Anime
Pokémon
Country
NFL
Puzzle
Song
Soccer
WWE
The Office
hide this ad
More By:
dancinginthedark
Quiz
Plays
Rating
Category
Featured
Created
'Friends' Quotes
4,176
3.13
Television
Dec 20, 2009
One tree hill quotes
2,557
Television
Dec 20, 2009
Catherine Zeta-Jones Movies
345
2.00
Movies
Jan 13, 2010
25 sad song
286
1.20
Music
Jan 23, 2010
Courteney Cox Movies?
212
1.71
Movies
Dec 20, 2009
Go to Creator's Profile
Score Distribution
Quiz Creator Spotlight
dancinginthedark
Follow
Send a Message
Quizzes Created
-
Created Quiz Play Count
-
More By This Creator
Popular Quizzes Today
1
Find the US States - No Outlines Minefield
2
Find the Countries of Europe - No Outlines Minefield
3
The Countries of the World
4
Find the US States
5
Risky Map Clicking: Biggest States A-Z
6
US States
7
Popular People in 1961
8
Movies - When Are They Set?
More Television Quizzes
TV by Coasters
Published
Trending Quizzes
Risky Map Clicking: Least Populous States A-Z
1-10 Letter G Words
1-10 Letter F Words
Risky Map Clicking: Next State Alphabetically
Adjectives in 80s TV Shows
Recently Updated
Leaping Animals
pecheneg
Reality TV Shows (A-Z)
bhenderson79
Rickey Henderson's Hall of Fame Teammates
pecheneg
Champions League XIs: Arsenal
pecheneg
Quick Pick: Celebrities in WWE's Hall of Fame
aduchscher
A-Z Keypad Blitz II
pecheneg
Multiple Oscar Actors
pecheneg
Mystery Phrase Blitz: Oscar 'Best Actors'
pecheneg
F. Scott Fitzgerald Novels
LTH
Pick 3 Villains
ddd62291
Trending Topics
Crossword
Marvel
Kpop
Harry Potter
Anime
Disney
NBA
NFL
The Office
Puzzle
WWE
Song
Country
Pokémon
Soccer
Your Account Isn't Verified!
In order to create a playlist on Sporcle, you need to verify the email address you used during registration. Go to your
Sporcle Settings
to finish the process.
Report this User
Report this user for behavior that violates our
Community Guidelines
.
Details:
Send Report
Go to the Sporcle.com Mobile Site →
Comments